Manual de tecnología del concreto (Record no. 152317)

MARC details
000 -LEADER
fixed length control field 01195nam a22002777a 4500
005 - DATE AND TIME OF LATEST TRANSACTION
control field 20241205090823.0
008 - FIXED-LENGTH DATA ELEMENTS--GENERAL INFORMATION
fixed length control field 191022b mx ||||| |||| 00| 0 spa d
020 ## - INTERNATIONAL STANDARD BOOK NUMBER
International Standard Book Number 9681849809
020 ## - INTERNATIONAL STANDARD BOOK NUMBER
International Standard Book Number 9681850262 (v. 2)
050 04 - LIBRARY OF CONGRESS CALL NUMBER
Classification number TA439
Item number M36 1994
050 04 - LIBRARY OF CONGRESS CALL NUMBER
Classification number TA439
Item number C66 1994
110 1# - MAIN ENTRY--CORPORATE NAME
Corporate name or jurisdiction name as entry element Comisión Federal de Electricidad (México)
245 10 - TITLE STATEMENT
Title Manual de tecnología del concreto
Statement of responsibility, etc / Universidad Nacional Autónoma de México. Instituto de ingeniería ; redacción Manuel Mena Ferrer ; revisión Carlos Javier Mendoza Escobedo, Emilio Zamidio Cíntora, Carlos Gómez Toledo.
250 ## - EDITION STATEMENT
Edition statement 1a ed.
260 ## - PUBLICATION, DISTRIBUTION, ETC. (IMPRINT)
Place of publication, distribution, etc México :
Name of publisher, distributor, etc Limusa,
Date of publication, distribution, etc 1994.
300 ## - PHYSICAL DESCRIPTION
Extent v. :
Other physical details il. ;
Dimensions 28 cm.
505 1# - FORMATTED CONTENTS NOTE
Title Sección 1 Definición y requisitos de los componentes del concreto --
-- Sección 2 Concreto fresco y en curso de endurecimiento.
650 #4 - SUBJECT ADDED ENTRY--TOPICAL TERM
Topical term or geographic name as entry element Concreto
650 #7 - SUBJECT ADDED ENTRY--TOPICAL TERM
Source of heading or term lemb
Topical term or geographic name as entry element Hormigón
700 1# - ADDED ENTRY--PERSONAL NAME
Personal name Mena Ferrer, Manuel,
Relator term colaborador
700 1# - ADDED ENTRY--PERSONAL NAME
Personal name Mendoza Escobedo, Carlos Javier,
Relator term revisor
700 1# - ADDED ENTRY--PERSONAL NAME
Personal name Zamudio Cíntora, Emilio,
Relator term revisor
700 1# - ADDED ENTRY--PERSONAL NAME
Personal name Gómez Toledo, Carlos,
Relator term revisor
710 2# - ADDED ENTRY--CORPORATE NAME
Corporate name or jurisdiction name as entry element Universidad Nacional Autónoma de México
Subordinate unit Instituto de Ingeniería
942 ## - ADDED ENTRY ELEMENTS (KOHA)
Source of classification or shelving scheme Biblioteca del Cogreso de los Estados Unidos
Koha item type Libro
Holdings
Estado de pérdida Fuente de clasificación Estado del daño No para préstamo Ubicación permanente Ubicación actual Apartado o colección Fecha de adquisición Fuente de adquisición Edición Enumeración de Serie / Cronológica Dependencia de educación superior (DES) Área del conocimiento Clasificación Código de Barras Date last seen Número de copia Costo por reposición Tipo de recurso Total Checkouts
  Biblioteca del Cogreso de los Estados Unidos     Biblioteca de la Facultad de Ingeniería Civil Biblioteca de la Facultad de Ingeniería Civil General 22/11/2024   1a ed. V:2   Ingeniería y Tecnología TA439 C66 1994 BIC000001745 22/11/2024 1 1.00 Libro  
  Biblioteca del Cogreso de los Estados Unidos     Biblioteca del Posgrado en Ingeniería Civil Biblioteca del Posgrado en Ingeniería Civil General 22/10/2019 Unidad Académica 1a.ed V.1 Ingeniería y Arquitectura Ciencias Agropecuarias TA439 M36 1994 PBIC000001133 22/10/2019 1 1.00 Libro  
  Biblioteca del Cogreso de los Estados Unidos     Biblioteca del Posgrado en Ingeniería Civil Biblioteca del Posgrado en Ingeniería Civil General 22/10/2019 Unidad Académica 1a.ed V.1 Ingeniería y Arquitectura Ciencias Agropecuarias TA439 M36 1994 PBIC000001134 22/10/2019 2 1.00 Libro  
  Biblioteca del Cogreso de los Estados Unidos     Biblioteca del Posgrado en Ingeniería Civil Biblioteca del Posgrado en Ingeniería Civil General 22/10/2019 Unidad Académica 1a.ed V.2 Ingeniería y Arquitectura Ciencias Agropecuarias TA439 M36 1994 PBIC000001135 22/10/2019 1 1.00 Libro  
  Biblioteca del Cogreso de los Estados Unidos     Biblioteca del Posgrado en Ingeniería Civil Biblioteca del Posgrado en Ingeniería Civil General 22/10/2019 Unidad Académica 1a.ed V.2 Ingeniería y Arquitectura Ciencias Agropecuarias TA439 M36 1994 PBIC000001136 22/10/2019 2 1.00 Libro  
  Biblioteca del Cogreso de los Estados Unidos     Biblioteca del Posgrado en Ingeniería Civil Biblioteca del Posgrado en Ingeniería Civil General 22/10/2019 Unidad Académica 1a.ed V.3 Ingeniería y Arquitectura Ciencias Agropecuarias TA439 M36 1994 PBIC000001137 22/10/2019 1 1.00 Libro  
  Biblioteca del Cogreso de los Estados Unidos     Biblioteca del Posgrado en Ingeniería Civil Biblioteca del Posgrado en Ingeniería Civil General 22/10/2019 Unidad Académica 1a.ed V.3 Ingeniería y Arquitectura Ciencias Agropecuarias TA439 M36 1994 PBIC000001138 22/10/2019 2 1.00 Libro